000 00693nam a2200289Ia 4500
005 20260324133429.0
008 008 260324s9999 xx 000 0 eng d
020 _a9781410607607
037 _aEBOOK
040 _aCRL
040 _beng
040 _cCRL
041 _2eng
041 _aeng
084 _qCRL
100 _aS.G. Grant
_91193071
245 0 _aHistory Lessons
245 0 _bTeaching, Learning, and Testing in U.S. High School Classrooms
260 _bTaylor and Francis
260 _c2003
365 _a
365 _b230
856 _uhttp://www.taylorfrancis.com/books/9781410607607
942 _cEBOOK
999 _c1792085
_d1792085